00329pab a2200145 454500008004000000100001700040245003400057260000900091300001300100362000800113650002100121650001000142650002000152773001100172180718b2005 xxu||||| |||| 00| 0 eng d aNair, V.K.G. aGender and community medicine c2005 ap.22-23. aJul aMedical sciences aWomen aHealth services aYojana